| 000 | 00364nam a2200157Ia 4500 | ||
|---|---|---|---|
| 008 | 160316s2001 xxu||||| |||| 00| 0 eng d | ||
| 082 |
_a343.096000 _bHAN-2 |
||
| 100 | _a | ||
| 245 | _aHandbook of maritime conventions | ||
| 250 | _a | ||
| 260 |
_aLondon _bLexis Nexis _c2001 |
||
| 300 |
_aVarie _b _c |
||
| 365 | _b | ||
| 650 | _a1. Maritime Law | ||
| 700 |
_a _a |
||
| 999 |
_c31678 _d31678 |
||